[Event "39 Open Vila de Sitges 2013"]
[Site "Sitges ESP"]
[Date "2013.07.27"]
[Round "6.5"]
[White "Hauge, Lars Oskar"]
[Black "Kovchan, Alexander"]
[Result "1/2-1/2"]
[WhiteElo "2206"]
[BlackElo "2577"]
[PlyCount "180"]
[EventDate "2013.07.22"]
[EventType "swiss"]
[EventRounds "9"]
[EventCountry "ESP"]
[SourceTitle "Ajedrez en Madrid"]
[Source "lmi"]
[SourceDate "2013.07.22"]

1. e4 c6 2. d4 d5 3. exd5 cxd5 4. c4 Nf6 5. Nc3 g6 6. Qb3 Bg7 7. cxd5 O-O 8.
Be2 Nbd7 9. Bf3 Nb6 10. Nge2 Bf5 11. O-O a5 12. d6 exd6 13. Bxb7 Rb8 14. Bf3
Nbd5 15. Qd1 Nb4 16. Ng3 Bd3 17. Be2 Bxe2 18. Ngxe2 Nfd5 19. a3 Nxc3 20. bxc3
Nd5 21. Qd3 Qc7 22. c4 Nb6 23. c5 Nd5 24. Bd2 a4 25. Rfc1 dxc5 26. Rxc5 Qd7 27.
Qf3 Rfd8 28. Ba5 Rb3 29. Qe4 Nf6 30. Qc6 Re8 31. Qxd7 Nxd7 32. Rc7 Rxe2 33.
Rxd7 Bf8 34. Rd8 Kg7 35. g3 Bxa3 36. Bc7 Re7 37. Be5+ f6 38. Bf4 Ra7 39. d5 Bb2
40. Re1 g5 41. d6 Rbb7 42. Be3 Rd7 43. Bxa7 Rxd8 44. Re7+ Kg6 45. Bc5 a3 46.
Ra7 Kf5 47. Bxa3 Bxa3 48. Rxa3 Rxd6 49. Ra4 h5 50. Kg2 Re6 51. Kf3 Re5 52. Rb4
Ra5 53. Rb3 Ra4 54. Rc3 h4 55. Rc5+ Ke6 56. gxh4 Rxh4 57. Kg3 Kf7 58. h3 Rd4
59. Rc8 Rd3+ 60. Kg2 Kg6 61. Ra8 Rd4 62. Rb8 Kf5 63. Rb5+ Kg6 64. Ra5 Rd6 65.
Rb5 Rd8 66. Ra5 Rf8 67. Ra6 Kh5 68. Rb6 Kg6 69. Ra6 Rd8 70. Rb6 Rd5 71. Rb3 Kf5
72. Rf3+ Kg6 73. Rb3 Re5 74. Ra3 Kf5 75. Rf3+ Ke6 76. Ra3 Re4 77. Ra5 Rd4 78.
Rb5 f5 79. Rb6+ Ke5 80. Rb5+ Kf4 81. Rb3 g4 82. hxg4 Kxg4 83. Rg3+ Kf4 84. Re3
Kg5 85. Re8 Rd6 86. Kg3 Rd3+ 87. Kg2 f4 88. Rg8+ Kf5 89. Rf8+ Kg5 90. Rg8+ Kf5
1/2-1/2

[Event "39 Open Vila de Sitges 2013"]
[Site "Sitges ESP"]
[Date "2013.07.27"]
[Round "6.6"]
[White "Firman, Nazar"]
[Black "Sequera Paolini, Jose"]
[Result "1-0"]
[WhiteElo "2526"]
[BlackElo "2394"]
[PlyCount "69"]
[EventDate "2013.07.22"]
[EventType "swiss"]
[EventRounds "9"]
[EventCountry "ESP"]
[SourceTitle "Ajedrez en Madrid"]
[Source "lmi"]
[SourceDate "2013.07.22"]

1. e4 c5 2. Nf3 e6 3. d4 cxd4 4. Nxd4 Nf6 5. Nc3 Nc6 6. Ndb5 Bc5 7. Nd6+ Ke7 8.
Bf4 e5 9. Nf5+ Kf8 10. Bg5 d6 11. Bxf6 Qxf6 12. Nd5 Qg6 13. Qf3 Be6 14. Bd3 Nb4
15. Nxb4 Bxb4+ 16. c3 Ba5 17. Bc2 Rd8 18. O-O-O Qg5+ 19. Kb1 g6 20. b4 Bb6 21.
h4 Qf6 22. g4 gxf5 23. g5 Qe7 24. exf5 Bc4 25. f6 Qe6 26. h5 Bxa2+ 27. Kb2 e4
28. Qf4 Rg8 29. Rh4 Bd5 30. g6 fxg6 31. Qh6+ Ke8 32. Rxd5 Qxd5 33. Bb3 Qe5 34.
Qxh7 Rf8 35. Ba4+ 1-0

[Event "39 Open Vila de Sitges 2013"]
[Site "Sitges ESP"]
[Date "2013.07.27"]
[Round "6.7"]
[White "Beltran Rueda, Santiago"]
[Black "Montilla Carrillo, Esteban"]
[Result "0-1"]
[WhiteElo "2420"]
[BlackElo "2261"]
[PlyCount "41"]
[EventDate "2013.07.22"]
[EventType "swiss"]
[EventRounds "9"]
[EventCountry "ESP"]
[SourceTitle "Ajedrez en Madrid"]
[Source "lmi"]
[SourceDate "2013.07.22"]

1. c4 e5 2. Nc3 Nc6 3. g3 g6 4. Bg2 Bg7 5. e3 d6 6. Nge2 f5 7. d3 Nf6 8. Rb1
O-O 9. b4 Rb8 10. b5 Ne7 11. O-O g5 12. Qa4 Ra8 13. Qc2 Qe8 14. a4 Qh5 15. f4
h6 16. Qd2 Rb8 17. Ba3 Re8 18. Rbc1 b6 19. Nd5 Nexd5 20. cxd5 exf4 21. exf4 0-1

[Event "39 Open Vila de Sitges 2013"]
[Site "Sitges ESP"]
[Date "2013.07.27"]
[Round "6.8"]
[White "Vidarte Morales, Arturo"]
[Black "Gallego Alcaraz, Andres Felipe"]
[Result "0-1"]
[WhiteElo "2344"]
[BlackElo "2414"]
[PlyCount "106"]
[EventDate "2013.07.22"]
[EventType "swiss"]
[EventRounds "9"]
[EventCountry "ESP"]
[SourceTitle "Ajedrez en Madrid"]
[Source "lmi"]
[SourceDate "2013.07.22"]

1. d4 Nf6 2. c4 g6 3. Nc3 d5 4. Nf3 Bg7 5. Bg5 dxc4 6. e4 c5 7. d5 b5 8. e5 b4
9. exf6 exf6 10. Qe2+ Kf8 11. Be3 bxc3 12. Bxc5+ Kg8 13. bxc3 Nd7 14. Be7 Qa5
15. Bb4 Qxd5 16. Rd1 Qe6 17. Qxe6 fxe6 18. Bxc4 Nb6 19. Bb3 a5 20. Rd6 axb4 21.
Rxb6 bxc3 22. Rc6 Kf8 23. Rxc3 Ke7 24. O-O Bd7 25. Re1 Rhc8 26. Rxc8 Rxc8 27.
Nd4 e5 28. f4 Rc5 29. Nf3 Bc6 30. fxe5 fxe5 31. Ng5 Bh6 32. Ne4 Rc1 33. Rxc1
Bxc1 34. Bc2 Be3+ 35. Kf1 Bb5+ 36. Ke1 Ba6 37. Bd1 Bd3 38. Nf2 Bb1 39. Bb3 Kd6
40. Ke2 Bb6 41. Bg8 h6 42. Bc4 e4 43. a4 Ke5 44. Bb5 Kd4 45. Ba6 Bc7 46. g3 h5
47. Bb5 g5 48. Ba6 g4 49. Bb5 Bc2 50. Be8 e3 51. Bxh5 exf2 52. Bxg4 Bd1+ 53.
Kxf2 Bxg4 0-1

[Event "39 Open Vila de Sitges 2013"]
[Site "Sitges ESP"]
[Date "2013.07.27"]
[Round "6.9"]
[White "Guerra Mendez, Jose Angel"]
[Black "Buchenau, Frank"]
[Result "1-0"]
[WhiteElo "2505"]
[BlackElo "2259"]
[PlyCount "149"]
[EventDate "2013.07.22"]
[EventType "swiss"]
[EventRounds "9"]
[EventCountry "ESP"]
[SourceTitle "Ajedrez en Madrid"]
[Source "lmi"]
[SourceDate "2013.07.22"]

1. e4 e6 2. d4 d5 3. Nc3 Nf6 4. e5 Nfd7 5. f4 c5 6. Nf3 Nc6 7. Be3 cxd4 8. Nxd4
Qb6 9. Be2 Bc5 10. Na4 Qa5+ 11. c3 Bxd4 12. Bxd4 Nxd4 13. Qxd4 b6 14. Bd1 Ba6
15. b4 Qb5 16. Nb2 Qc6 17. a4 Qc7 18. b5 Bb7 19. O-O O-O 20. Rc1 a6 21. Nd3
axb5 22. axb5 Nc5 23. Bc2 Ne4 24. Nf2 Rfd8 25. Rfd1 Nxf2 26. Qxf2 g6 27. Qd4
Rdc8 28. Bd3 Ra2 29. Bf1 Qc5 30. g3 Qa3 31. Qb4 Rc5 32. Qxa3 Rxa3 33. c4 dxc4
34. Rxc4 Rxc4 35. Bxc4 Rc3 36. Rd8+ Kg7 37. Bf1 h6 38. Rd6 Bd5 39. Rxb6 g5 40.
Ra6 gxf4 41. gxf4 Kg6 42. Ra4 Kf5 43. Rb4 Bb7 44. b6 f6 45. exf6 Kxf6 46. Rb2
Kf5 47. Bg2 Bc8 48. b7 Bxb7 49. Rxb7 Kxf4 50. Rh7 Rc1+ 51. Bf1 Kg5 52. Kf2 Rc2+
53. Be2 Rc3 54. Rg7+ Kf6 55. Rg8 Rh3 56. Kg2 Re3 57. Bf3 Re5 58. h4 Ra5 59. Kg3
Rb5 60. Be4 Rb3+ 61. Bf3 Kf7 62. Rg4 Rb5 63. Re4 Kf6 64. Ra4 Kf5 65. Ra8 Rb3
66. Rh8 e5 67. Rf8+ Kg6 68. Re8 Kf6 69. h5 Ra3 70. Kf2 Ra2+ 71. Be2 Ra3 72. Rh8
Kg5 73. Rg8+ Kf4 74. Rg4+ Kf5 75. Rg6 1-0

[Event "39 Open Vila de Sitges 2013"]
[Site "Sitges ESP"]
[Date "2013.07.27"]
[Round "6.10"]
[White "Vittorino, Carlo Giovanni"]
[Black "Perez Mitjans, Orelvis"]
[Result "1-0"]
[WhiteElo "2296"]
[BlackElo "2495"]
[PlyCount "73"]
[EventDate "2013.07.22"]
[EventType "swiss"]
[EventRounds "9"]
[EventCountry "ESP"]
[SourceTitle "Ajedrez en Madrid"]
[Source "lmi"]
[SourceDate "2013.07.22"]

1. d4 Nf6 2. c4 c5 3. d5 b5 4. Nf3 g6 5. cxb5 a6 6. Qc2 d6 7. e4 Bg7 8. a4 O-O
9. Nc3 Ne8 10. Bd2 Nd7 11. Be2 Nc7 12. O-O axb5 13. axb5 Rb8 14. Ra7 f5 15. Bc4
Ne5 16. Nxe5 Bxe5 17. exf5 Bxf5 18. Qa4 Na8 19. Be2 Nb6 20. Qh4 Rf7 21. Bg5 Nd7
22. Nd1 Nf6 23. Ne3 Bd7 24. Nc4 Bd4 25. Na5 Ra8 26. Rxa8 Qxa8 27. Nc6 Bxb2 28.
Bf3 Bd4 29. b6 Qa6 30. Nxd4 cxd4 31. Qxd4 Bf5 32. Ra1 Qb5 33. Bh6 Bd7 34. h3
Ne8 35. Bg4 Bxg4 36. hxg4 Rf6 37. Qa4 1-0

[Event "39 Open Vila de Sitges 2013"]
[Site "Sitges ESP"]
[Date "2013.07.29"]
[Round "7.1"]
[White "Pulvett, Daniel"]
[Black "Grigoryan, Karen H"]
[Result "1/2-1/2"]
[WhiteElo "2405"]
[BlackElo "2550"]
[PlyCount "71"]
[EventDate "2013.07.22"]
[EventType "swiss"]
[EventRounds "9"]
[EventCountry "ESP"]
[SourceTitle "Ajedrez en Madrid"]
[Source "lmi"]
[SourceDate "2013.07.22"]

1. d4 Nf6 2. c4 g6 3. Nc3 Bg7 4. Nf3 O-O 5. g3 d6 6. Bg2 c6 7. O-O Qb6 8. b3 e5
9. c5 dxc5 10. dxe5 Ng4 11. Na4 Qc7 12. Nxc5 Nxe5 13. Bf4 Nxf3+ 14. Bxf3 Qb6
15. Rc1 Bh3 16. Re1 Na6 17. Nxa6 Qxa6 18. a4 Rad8 19. Qc2 Bf5 20. e4 Be6 21.
Bc7 Rc8 22. Be2 b5 23. Qxc6 Qxc6 24. Rxc6 bxa4 25. bxa4 Bd7 26. Rcc1 Bb2 27.
Rc2 Bxa4 28. Rxb2 Rxc7 29. Ra1 Rc2 30. Rxc2 Bxc2 31. f3 Ra8 32. Ra6 Bb3 33. Kf2
Kf8 34. Ke3 Be6 35. Kd4 Rd8+ 36. Ke5 1/2-1/2

[Event "39 Open Vila de Sitges 2013"]
[Site "Sitges ESP"]
[Date "2013.07.29"]
[Round "7.2"]
[White "Vocaturo, Daniele"]
[Black "Barsov, Alexei"]
[Result "0-1"]
[WhiteElo "2536"]
[BlackElo "2530"]
[PlyCount "90"]
[EventDate "2013.07.22"]
[EventType "swiss"]
[EventRounds "9"]
[EventCountry "ESP"]
[SourceTitle "Ajedrez en Madrid"]
[Source "lmi"]
[SourceDate "2013.07.22"]

1. e4 e6 2. d4 d5 3. Nc3 Bb4 4. e5 c5 5. a3 Ba5 6. Qg4 Ne7 7. Qxg7 Rg8 8. Qxh7
cxd4 9. b4 Bc7 10. Nb5 a6 11. Nxc7+ Qxc7 12. Ne2 Qxe5 13. Qd3 Qc7 14. Qxd4 e5
15. Qd2 Bf5 16. Bb2 Nd7 17. Ng3 Qxc2 18. Nxf5 Qxf5 19. Rc1 Nb6 20. f3 Qe6 21.
g3 Rd8 22. Be2 Nc4 23. Bxc4 dxc4 24. Qe2 Rd3 25. O-O f6 26. Rfd1 Qd5 27. Rxd3
cxd3 28. Qe4 Qxe4 29. fxe4 Rg4 30. Rd1 Rxe4 31. Rxd3 Re2 32. Bc3 Nf5 33. Kf1
Rxh2 34. Rf3 Ne7 35. g4 Nd5 36. Be1 Ke7 37. Bg3 Ra2 38. g5 e4 39. gxf6+ Kf7 40.
Rb3 Kxf6 41. b5 a5 42. Bf2 a4 43. Bd4+ Kf5 44. Rh3 e3 45. Bxe3 Nxe3+ 0-1

[Event "39 Open Vila de Sitges 2013"]
[Site "Sitges ESP"]
[Date "2013.07.29"]
[Round "7.3"]
[White "Hayrapetyan, Hovik"]
[Black "Firman, Nazar"]
[Result "1/2-1/2"]
[WhiteElo "2486"]
[BlackElo "2526"]
[PlyCount "66"]
[EventDate "2013.07.22"]
[EventType "swiss"]
[EventRounds "9"]
[EventCountry "ESP"]
[SourceTitle "Ajedrez en Madrid"]
[Source "lmi"]
[SourceDate "2013.07.22"]

1. d4 Nf6 2. c4 d6 3. Nf3 g6 4. Nc3 Bg7 5. g3 O-O 6. Bg2 Nc6 7. O-O Bf5 8. d5
Na5 9. Nd4 Bd7 10. Qd3 c5 11. Nc2 a6 12. b3 Rb8 13. Rb1 Qc8 14. Bd2 b5 15. e4
e6 16. Ne3 b4 17. dxe6 fxe6 18. Ne2 Ne8 19. f4 Nc6 20. g4 Nd4 21. Bc1 Bc6 22.
Bb2 Nxe2+ 23. Qxe2 Bd4 24. Bxd4 cxd4 25. Nc2 e5 26. fxe5 dxe5 27. Rxf8+ Kxf8
28. Rf1+ Kg8 29. Qf2 Nd6 30. Qf6 Bxe4 31. Qxd6 Bxg2 32. Kxg2 Qxg4+ 33. Kh1 Qe4+
1/2-1/2

[Event "39 Open Vila de Sitges 2013"]
[Site "Sitges ESP"]
[Date "2013.07.29"]
[Round "7.4"]
[White "Montilla Carrillo, Esteban"]
[Black "Movsziszian, Karen"]
[Result "0-1"]
[WhiteElo "2261"]
[BlackElo "2499"]
[PlyCount "143"]
[EventDate "2013.07.22"]
[EventType "swiss"]
[EventRounds "9"]
[EventCountry "ESP"]
[SourceTitle "Ajedrez en Madrid"]
[Source "lmi"]
[SourceDate "2013.07.22"]

1. d4 g6 2. e4 Bg7 3. Nf3 d6 4. Nc3 a6 5. a4 b6 6. Bc4 e6 7. O-O Bb7 8. Re1 Nd7
9. Bg5 Ne7 10. Qd2 h6 11. Be3 Nf6 12. Bd3 Qd7 13. h3 Rd8 14. Qe2 Qc8 15. e5
Nfd5 16. Nxd5 Nxd5 17. Bd2 O-O 18. Be4 c5 19. c4 Ne7 20. Bxb7 Qxb7 21. exd6 Nf5
22. a5 Rxd6 23. Bf4 Nxd4 24. Nxd4 Rxd4 25. Be3 Rd7 26. Rab1 bxa5 27. Bxc5 Rc8
28. Be3 a4 29. Rec1 h5 30. Qc2 Qc6 31. Ra1 Rb7 32. Rxa4 Rxb2 33. Qd1 Rcb8 34.
Ra5 R2b4 35. Ba7 R8b7 36. Bc5 Rb3 37. Bd4 Bf8 38. Ba1 Qe4 39. Re5 Qf4 40. Re1
Bg7 41. Bxg7 Kxg7 42. c5 Rb2 43. Rf1 Rc7 44. g3 Qe4 45. Re1 Qf5 46. Qd4+ Qf6
47. Qxf6+ Kxf6 48. Re4 Rc6 49. h4 a5 50. Ra4 Rb5 51. Rac4 e5 52. Kg2 Ke6 53.
R4c3 Rb4 54. Re1 Kd5 55. Re2 f6 56. Ra2 a4 57. Rd2+ Rd4 58. Rdc2 g5 59. hxg5
fxg5 60. Rc1 g4 61. Kf1 Rd2 62. Ke1 Rb2 63. Rd3+ Ke4 64. Rd6 Rc8 65. Ra6 Kf3
66. Rc3+ Kg2 67. Rxa4 Rxf2 68. Kd1 Rb2 69. Kc1 Re2 70. Kb1 Re1+ 71. Rc1 Rxc1+
72. Kxc1 0-1

[Event "39 Open Vila de Sitges 2013"]
[Site "Sitges ESP"]
[Date "2013.07.29"]
[Round "7.5"]
[White "Gallego Alcaraz, Andres Felipe"]
[Black "Hauge, Lars Oskar"]
[Result "0-1"]
[WhiteElo "2414"]
[BlackElo "2206"]
[PlyCount "102"]
[EventDate "2013.07.22"]
[EventType "swiss"]
[EventRounds "9"]
[EventCountry "ESP"]
[SourceTitle "Ajedrez en Madrid"]
[Source "lmi"]
[SourceDate "2013.07.22"]

1. d4 Nf6 2. Nf3 e6 3. c4 Bb4+ 4. Nbd2 O-O 5. a3 Bxd2+ 6. Qxd2 d5 7. Qc2 dxc4
8. Qxc4 b6 9. Bg5 Ba6 10. Qc2 h6 11. Bh4 Qe7 12. e4 Bxf1 13. e5 Bb5 14. exf6
Qd7 15. Qd2 Qd5 16. O-O-O Nd7 17. Kb1 Nxf6 18. Qc2 Qe4 19. Bxf6 Qxc2+ 20. Kxc2
gxf6 21. Kd2 Rfd8 22. Rc1 c5 23. Ke3 cxd4+ 24. Nxd4 Ba6 25. Rc7 Rd5 26. Nc6
Rd3+ 27. Kf4 Rd2 28. Kg3 Rxb2 29. Rd1 Rb3+ 30. f3 Rd3 31. Rxd3 Bxd3 32. Nxa7
Kg7 33. Kf4 Ba6 34. Nc6 Bf1 35. Kg3 Rxa3 36. Nd8 Kg6 37. Rxf7 Ra2 38. Rb7 Rxg2+
39. Kh4 Rxh2+ 40. Kg3 Rg2+ 41. Kh4 Bc4 42. Nc6 Rh2+ 43. Kg3 Rb2 44. Ne7+ Kg5
45. Ng8 e5 46. Rg7+ Kf5 47. Nxh6+ Ke6 48. Ng4 Bd3 49. Rg8 f5 50. Rg6+ Kd5 51.
Nf6+ Kd4 0-1

[Event "39 Open Vila de Sitges 2013"]
[Site "Sitges ESP"]
[Date "2013.07.29"]
[Round "7.9"]
[White "Ynojosa, Felix Jose"]
[Black "Cori T., Deysi"]
[Result "1-0"]
[WhiteElo "2405"]
[BlackElo "2439"]
[PlyCount "75"]
[EventDate "2013.07.22"]
[EventType "swiss"]
[EventRounds "9"]
[EventCountry "ESP"]
[SourceTitle "Ajedrez en Madrid"]
[Source "lmi"]
[SourceDate "2013.07.22"]

1. e4 e6 2. d4 d5 3. exd5 exd5 4. Nf3 Nc6 5. Bb5 Bd6 6. O-O Nge7 7. Re1 O-O 8.
h3 Ng6 9. Bg5 Nce7 10. Bd3 f6 11. Be3 Nf5 12. c4 Nxe3 13. Rxe3 Bf4 14. Re1 dxc4
15. Bxc4+ Kh8 16. Qb3 Ne7 17. Nc3 Nc6 18. Be6 Bd2 19. Re2 Bxe6 20. Rxe6 Bxc3
21. bxc3 Na5 22. Qa4 Qd5 23. Re7 c6 24. Rae1 b6 25. Nd2 Rf7 26. Re8+ Rf8 27.
R8e4 h6 28. c4 Qg8 29. Re6 Rfe8 30. d5 Rxe6 31. Rxe6 Re8 32. Rxe8 Qxe8 33. Nf3
Qd8 34. Nd4 Qe7 35. Ne6 Qd6 36. Qd1 Nxc4 37. Qg4 Qd7 38. dxc6 1-0

[Event "39 Open Vila de Sitges 2013"]
[Site "Sitges ESP"]
[Date "2013.07.29"]
[Round "7.10"]
[White "Arenas, David"]
[Black "Ruiz Font, Elisabet"]
[Result "1-0"]
[WhiteElo "2437"]
[BlackElo "2055"]
[PlyCount "131"]
[EventDate "2013.07.22"]
[EventType "swiss"]
[EventRounds "9"]
[EventCountry "ESP"]
[SourceTitle "Ajedrez en Madrid"]
[Source "lmi"]
[SourceDate "2013.07.22"]

1. e4 e5 2. Nf3 Nc6 3. Bb5 a6 4. Ba4 Nge7 5. O-O g6 6. c3 Bg7 7. d4 exd4 8.
cxd4 b5 9. Bb3 O-O 10. Re1 d6 11. h3 Na5 12. Bc2 c5 13. Nc3 h6 14. Bf4 cxd4 15.
Nxd4 Nc4 16. b3 Ne5 17. Rc1 Bb7 18. Qd2 Kh7 19. Be3 Qa5 20. Bb1 Rac8 21. Nce2
Qxd2 22. Bxd2 N5c6 23. Nf3 d5 24. Nf4 dxe4 25. Bxe4 Rfe8 26. Be3 Ng8 27. Bd5
Nd8 28. Rxc8 Bxc8 29. Rc1 Ne6 30. Nxe6 Bxe6 31. Bb7 a5 32. Bc6 Rc8 33. Bxb5
Rxc1+ 34. Bxc1 Bc3 35. Bd2 Bb4 36. Bxb4 axb4 37. Ne5 Ne7 38. Nd3 Nd5 39. Bc4
Bf5 40. Nc1 Nc3 41. Bxf7 Bb1 42. f4 Kg7 43. Bc4 Kf6 44. Kf2 Nxa2 45. Nxa2 Bxa2
46. Ke3 g5 47. fxg5+ Kxg5 48. g3 Kf5 49. Kd2 Ke4 50. Kc2 Kf3 51. g4 Kg3 52. Bf7
Kxh3 53. Bh5 Kh4 54. Kb2 Bxb3 55. Kxb3 Kg5 56. Kxb4 Kf4 57. Kc4 Ke4 58. Kc3 Ke3
59. Kc2 Ke4 60. Kd2 Kf4 61. Kd3 Ke5 62. Ke3 Kf6 63. Kf4 Ke6 64. Bg6 Kf6 65. Bc2
Kg7 66. Kg3 1-0

[Event "39 Open Vila de Sitges 2013"]
[Site "Sitges ESP"]
[Date "2013.07.30"]
[Round "8.1"]
[White "Grigoryan, Karen H"]
[Black "Movsziszian, Karen"]
[Result "1-0"]
[WhiteElo "2550"]
[BlackElo "2499"]
[PlyCount "59"]
[EventDate "2013.07.22"]
[EventType "swiss"]
[EventRounds "9"]
[EventCountry "ESP"]
[SourceTitle "Ajedrez en Madrid"]
[Source "lmi"]
[SourceDate "2013.07.22"]

1. d4 g6 2. c4 Bg7 3. Nf3 d6 4. Nc3 Nf6 5. e4 O-O 6. h3 e5 7. d5 Na6 8. Bg5 Qe8
9. g4 Nd7 10. Rg1 Kh8 11. Be2 Ndc5 12. Nh4 f6 13. Be3 Qe7 14. Qd2 Bd7 15. Rb1
f5 16. Bg5 Bf6 17. gxf5 gxf5 18. exf5 e4 19. Bxf6+ Rxf6 20. Qd4 Nb4 21. Kd2
Nxa2 22. b4 e3+ 23. fxe3 Nxc3 24. Kxc3 Ne4+ 25. Kb2 Re8 26. Rg4 Nf2 27. Rg5
Ref8 28. Rg2 Ne4 29. Bd3 c5 30. Qxe4 1-0

[Event "39 Open Vila de Sitges 2013"]
[Site "Sitges ESP"]
[Date "2013.07.30"]
[Round "8.2"]
[White "Barsov, Alexei"]
[Black "Hauge, Lars Oskar"]
[Result "1-0"]
[WhiteElo "2530"]
[BlackElo "2206"]
[PlyCount "123"]
[EventDate "2013.07.22"]
[EventType "swiss"]
[EventRounds "9"]
[EventCountry "ESP"]
[SourceTitle "Ajedrez en Madrid"]
[Source "lmi"]
[SourceDate "2013.07.22"]

1. d4 Nf6 2. Nf3 g6 3. g3 Bg7 4. Bg2 O-O 5. O-O d6 6. c4 Nc6 7. Nc3 a6 8. d5
Na5 9. b3 c5 10. dxc6 Nxc6 11. Bb2 Qa5 12. Nd5 Nxd5 13. Bxg7 Ne3 14. Qc1 Kxg7
15. Qxe3 Bd7 16. Rfd1 Rad8 17. Rd5 Qc7 18. h4 Be6 19. Rc1 Qb8 20. Rd2 Qa7 21.
Qc3+ Kg8 22. Ng5 Qc5 23. Bd5 Bxd5 24. cxd5 Qxc3 25. Rxc3 Ne5 26. Rc7 h6 27. Nh3
Rd7 28. Rdc2 Rfd8 29. Rxd7 Rxd7 30. Nf4 Kg7 31. Rc8 Kf6 32. f3 b5 33. Kf2 Ra7
34. Ke3 Nd7 35. Kd4 e5+ 36. dxe6 fxe6 37. Nd3 e5+ 38. Ke3 a5 39. Nf2 a4 40.
Ne4+ Ke7 41. Rh8 axb3 42. axb3 Ra3 43. Rh7+ Ke6 44. Rxh6 Rxb3+ 45. Kd2 d5 46.
Ng5+ Ke7 47. Rxg6 d4 48. h5 Rb2+ 49. Kd3 Rb3+ 50. Kd2 Rb2+ 51. Kd1 Rb1+ 52. Kc2
Rh1 53. h6 Rh2 54. Kd2 Nc5 55. Rc6 Nb3+ 56. Kc2 Na5 57. Re6+ Kd7 58. Rxe5 Nc4
59. Re6 b4 60. Kb3 Nd6 61. h7 Nf5 62. Rf6 1-0

[Event "39 Open Vila de Sitges 2013"]
[Site "Sitges ESP"]
[Date "2013.07.30"]
[Round "8.3"]
[White "Pulvett, Daniel"]
[Black "Hayrapetyan, Hovik"]
[Result "1-0"]
[WhiteElo "2405"]
[BlackElo "2486"]
[PlyCount "59"]
[EventDate "2013.07.22"]
[EventType "swiss"]
[EventRounds "9"]
[EventCountry "ESP"]
[SourceTitle "Ajedrez en Madrid"]
[Source "lmi"]
[SourceDate "2013.07.22"]

1. d4 Nf6 2. c4 e6 3. Nf3 c5 4. d5 b5 5. Bg5 h6 6. Bxf6 Qxf6 7. Nc3 a6 8. e4 e5
9. cxb5 d6 10. bxa6 Qd8 11. Nd2 Be7 12. Bb5+ Nd7 13. O-O O-O 14. Qe2 g6 15. Nc4
Nb8 16. f4 exf4 17. e5 dxe5 18. Nxe5 Bd6 19. Rxf4 Ra7 20. Raf1 Kg7 21. Rxf7+
Raxf7 22. Rxf7+ Rxf7 23. Nxf7 Kxf7 24. a7 Qh4 25. g3 Qd4+ 26. Qf2+ Qxf2+ 27.
Kxf2 Bb7 28. Ne4 Be5 29. Nxc5 Bxd5 30. Bc4 1-0

[Event "39 Open Vila de Sitges 2013"]
[Site "Sitges ESP"]
[Date "2013.07.30"]
[Round "8.5"]
[White "Vocaturo, Daniele"]
[Black "Arenas, David"]
[Result "1/2-1/2"]
[WhiteElo "2536"]
[BlackElo "2437"]
[PlyCount "94"]
[EventDate "2013.07.22"]
[EventType "swiss"]
[EventRounds "9"]
[EventCountry "ESP"]
[SourceTitle "Ajedrez en Madrid"]
[Source "lmi"]
[SourceDate "2013.07.22"]

1. Nf3 Nf6 2. g3 g6 3. Bg2 Bg7 4. O-O O-O 5. c4 d6 6. Nc3 Nc6 7. d4 Bg4 8. h3
Bxf3 9. Bxf3 Nd7 10. e3 e5 11. d5 Ne7 12. e4 f5 13. h4 Kh8 14. Kg2 Nf6 15. Bg5
Neg8 16. h5 Bh6 17. Bxh6 Nxh6 18. hxg6 hxg6 19. Rh1 Kg7 20. Qd2 Nfg8 21. Rh3 f4
22. Rah1 g5 23. g4 Rf6 24. Ne2 Nf7 25. Nc1 Rh6 26. Rxh6 Nfxh6 27. c5 Nf6 28.
Qc3 b6 29. c6 Qc8 30. Bd1 Nxe4 31. Qh3 Qh8 32. Bc2 Nf6 33. Qd3 Qe8 34. Rh5 e4
35. Rxg5+ Kf7 36. Qh3 Qh8 37. f3 Nhxg4 38. fxg4 f3+ 39. Kg3 Qxh3+ 40. Kxh3 Rh8+
41. Kg3 Rh1 42. Rf5 Rg1+ 43. Kf2 Rxg4 44. Ke3 Ke7 45. Nb3 Rg2 46. Bxe4 Nxe4 47.
Rxf3 Rg4 1/2-1/2

[Event "39 Open Vila de Sitges 2013"]
[Site "Sitges ESP"]
[Date "2013.07.30"]
[Round "8.7"]
[White "Gallego Alcaraz, Andres Felipe"]
[Black "Uribe Arteaga, Daniel"]
[Result "1/2-1/2"]
[WhiteElo "2414"]
[BlackElo "2274"]
[PlyCount "106"]
[EventDate "2013.07.22"]
[EventType "swiss"]
[EventRounds "9"]
[EventCountry "ESP"]
[SourceTitle "Ajedrez en Madrid"]
[Source "lmi"]
[SourceDate "2013.07.22"]

1. d4 d5 2. c4 c6 3. Nc3 Nf6 4. Nf3 g6 5. e3 Bg7 6. Bd2 O-O 7. Rc1 e6 8. Bd3
Nbd7 9. O-O b6 10. cxd5 exd5 11. e4 dxe4 12. Nxe4 c5 13. dxc5 Nxc5 14. Nxc5
bxc5 15. Be3 Nd7 16. b4 Bb7 17. Bb5 Bxf3 18. gxf3 Ne5 19. Qxd8 Rfxd8 20. bxc5
Nxf3+ 21. Kh1 Nd4 22. Ba6 Be5 23. c6 Bc7 24. Bb7 Rab8 25. Rfd1 Ne2 26. Rxd8+
Rxd8 27. Re1 Nf4 28. Bxa7 Rd3 29. Be3 Ra3 30. Bd4 Ne6 31. Be5 Rxa2 32. Bxc7
Nxc7 33. Re7 Nd5 34. Re8+ Kg7 35. Kg2 Rc2 36. Kf3 Nc7 37. Re7 Ne6 38. Ke3 Kf6
39. Re8 Ke5 40. Kd3 Rc1 41. Kd2 Rc4 42. Re7 Kf6 43. Rd7 Nc5 44. Rc7 Ne6 45. Rc8
Ke5 46. Ba6 Rc5 47. Bf1 Kd6 48. Bg2 Rg5 49. Bf3 Rf5 50. Ke3 Re5+ 51. Kd2 Rf5
52. Ke3 Re5+ 53. Kd2 Rf5 1/2-1/2

[Event "39 Open Vila de Sitges 2013"]
[Site "Sitges ESP"]
[Date "2013.07.30"]
[Round "8.9"]
[White "Avila Jimenez, Xavier"]
[Black "Sequera Paolini, Jose"]
[Result "1/2-1/2"]
[WhiteElo "2242"]
[BlackElo "2394"]
[PlyCount "29"]
[EventDate "2013.07.22"]
[EventType "swiss"]
[EventRounds "9"]
[EventCountry "ESP"]
[SourceTitle "Ajedrez en Madrid"]
[Source "lmi"]
[SourceDate "2013.07.22"]

1. d4 e6 2. c4 d5 3. Nc3 c6 4. e4 dxe4 5. Nxe4 Nf6 6. Nxf6+ Qxf6 7. Nf3 Bb4+ 8.
Bd2 Bxd2+ 9. Qxd2 O-O 10. Bd3 c5 11. O-O cxd4 12. Nxd4 Rd8 13. Nb5 Na6 14. Rad1
g6 15. Qc3 1/2-1/2

[Event "39 Open Vila de Sitges 2013"]
[Site "Sitges ESP"]
[Date "2013.07.30"]
[Round "8.10"]
[White "Hansen, Torbjorn Ringdal"]
[Black "Chirivi C, Jenny Astrid"]
[Result "1-0"]
[WhiteElo "2492"]
[BlackElo "2205"]
[PlyCount "145"]
[EventDate "2013.07.22"]
[EventType "swiss"]
[EventRounds "9"]
[EventCountry "ESP"]
[SourceTitle "Ajedrez en Madrid"]
[Source "lmi"]
[SourceDate "2013.07.22"]

1. c4 c5 2. g3 Nc6 3. Bg2 Nf6 4. Nf3 e6 5. O-O Be7 6. d4 cxd4 7. Nxd4 O-O 8.
Nc3 a6 9. b3 Qc7 10. Bb2 d6 11. Rc1 Nxd4 12. Qxd4 Rd8 13. Na4 Bd7 14. Nb6 Rab8
15. Nxd7 Rxd7 16. Rfd1 Qd8 17. Bc3 Rc8 18. a4 Qf8 19. e4 Qd8 20. Bf3 Bf8 21. a5
h6 22. Kg2 Qc7 23. Qe3 e5 24. Rd3 Qd8 25. Rcd1 Rc6 26. Qd2 Qe8 27. Bb4 Qe6 28.
Ba3 g5 29. h3 b6 30. axb6 Rxb6 31. Qe3 Rbb7 32. Bc1 Kh7 33. Bd2 Rdc7 34. Ra1
Rc6 35. Bd1 Rb8 36. Rd5 Rcb6 37. Rda5 Qc8 38. Bc2 Bg7 39. Qd3 Kg8 40. Be3 Rc6
41. Bd1 Qb7 42. f3 Nd7 43. Qd5 Nf6 44. Qd2 Kh7 45. Qa2 Ra8 46. Ra4 Ne8 47. b4
Rac8 48. Bb3 Nc7 49. Bf2 Qb8 50. Qd2 Rd8 51. Ra5 Kg8 52. Rc1 Ne6 53. Ba4 Rc7
54. Rxa6 Nd4 55. Bxd4 exd4 56. Bc6 d3 57. Bd5 Rdc8 58. b5 Ra7 59. Qxd3 Rxa6 60.
bxa6 Qb2+ 61. Qc2 Qb6 62. Bb7 Rc5 63. Rb1 Qa7 64. Rb5 Bd4 65. Qd3 Rxb5 66. cxb5
Qc5 67. Bd5 Bg1 68. Qe2 Kg7 69. f4 Be3 70. h4 gxf4 71. Qg4+ Kf8 72. Qd7 Qc2+
73. Kh3 1-0